Les tueurs de Dead by Daylight - Mort Subite - Statistiques

Statistiques générales
  • Ce quiz a été pris 353 fois
  • Le résultat moyen est 10 sur 14
Answers on the Grid
Answers color-coded by a green-red scale on the quiz's grid according to % correct below.
L'Artiste
La Chasseuse
Le Spectre
Ghostface
Le Trappeur
Le Docteur
Le Fléau
L'Oni
Le Lance-Mort
Le Farceur
Le Dragage
Le Chevalier
La Singularité
L'Inconnu
La Veuve Noire
L'Écorcheur
Le Chaman
Le Marionnettiste
Le Faucheur
Le Démoniste
Le Croque-Mitaine
Le Psychopathe
Le Profanateur
L’Ombre
Le Fossoyeur
L’Illusionniste
Le Sculpteur
Le Dévoreur
 
Statistiques - réponses
Réponse % Correct
L'Oni
81%
Ghostface
79%
La Chasseuse
77%
Le Docteur
77%
Le Trappeur
77%
L'Artiste
75%
Le Lance-Mort
75%
Le Spectre
75%
Le Fléau
74%
Le Chevalier
73%
La Singularité
72%
L'Inconnu
72%
Le Farceur
71%
Le Dragage
69%
Aucun quiz correspondant
Distribution des résultats
% des personnes avec chaque résultat
Percentile par nombre de réponses
Votre historique - résultats
Vous n’avez pas pris ce quiz